00498nam a2200157 a 450000500170000000800410001702000180005805000220007610000180009824500500011626000630016630000170022944000340024665000310028065000290031120140412111348.0050422s19uu xx 00 eng d a0-02-276097-0 aM 551.3bA93 1995 aAtwater, Mary aMiguel's treasures /cby Mary Atwater, et al. aNew York :bMacmillan/McGraw-Hill School Pub. Comp,c1995. a32 p. ; ill. aMacmillan/McGraw-Hill Science aEarthxJuvenile literature aSkyxJuvenile literature